Journal of the Royal anthropological institute (Record no. 691650)

MARC details
000 -LEADER
fixed length control field 00636nam a2200229Ia 4500
003 - CONTROL NUMBER IDENTIFIER
control field OSt
005 - DATE AND TIME OF LATEST TRANSACTION
control field 20220927105308.0
008 - FIXED-LENGTH DATA ELEMENTS--GENERAL INFORMATION
fixed length control field 220926b |||||||| |||| 00| 0 eng d
020 ## - INTERNATIONAL STANDARD BOOK NUMBER
International Standard Book Number 13590987
037 ## - SOURCE OF ACQUISITION
Terms of availability Reference Collections
040 ## - CATALOGING SOURCE
Original cataloging agency RTL
Transcribing agency RTL
Language of cataloging eng
041 ## - LANGUAGE CODE
Source of code eng
Language code of text/sound track or separate title eng
245 #0 - TITLE STATEMENT
Title Journal of the Royal anthropological institute
260 ## - PUBLICATION, DISTRIBUTION, ETC.
Place of publication, distribution, etc. Great
Name of publisher, distributor, etc. Britain Royal Anthropological Institute of Great Britain
Date of publication, distribution, etc. 2000
300 ## - PHYSICAL DESCRIPTION
Extent 375p
Dimensions cm.
942 ## - ADDED ENTRY ELEMENTS (KOHA)
Classification part processing
Koha item type
Holdings
Withdrawn status Lost status Damaged status Not for loan Home library Current library Date acquired Total Checkouts Full call number Barcode Date last seen Price effective from Koha item type
        Ratan Tata Library Ratan Tata Library 2022-09-27   processing RT1329149 2022-09-27 2022-09-27  
Copyright @ Delhi University Library System